|
|
|
|
| LEADER |
01220nam a2200253 a 4500 |
| 001 |
GR-Antirio560 |
| 008 |
090213s2001 mau b 001 0 gre d |
| 020 |
|
|
|a 0890065136
|
| 040 |
|
|
|a GrPaTEI
|b gre
|c GR-PaULI
|
| 040 |
|
|
|a GrPaTEI
|b gre
|c GR-PaULI
|
| 040 |
|
|
|a GrPaTEI
|b gre
|c GR-PaULI
|
| 082 |
|
0 |
|a 621.382
|2 21
|
| 100 |
0 |
|
|a Garg, Ramesh
|
| 245 |
1 |
0 |
|a Microstrip Antenna Design Handbook /
|c Garg, Ramesh ...[ et. al. ].
|
| 260 |
|
|
|a Boston :
|b Artech House,
|c c 2001
|
| 300 |
|
|
|a xxτ. , 845 σ. :
|b εικ. ;
|c 23 εκ.
|
| 490 |
0 |
|
|a Artech House antennas and propagation library.
|
| 504 |
|
|
|a Περιλαμβάνει βιβλιογραφίες και ευρετήριο.
|
| 650 |
|
0 |
|a MICROSTRIP ANTENNAS
|
| 942 |
|
|
|2 ddc
|
| 952 |
|
|
|0 0
|1 0
|2 ddc
|4 0
|6 621_382000000000000_GAR
|7 0
|9 261705
|a LISK-2
|b LISK-2
|c BSC
|d 2021-01-17
|e 24
|f 0
|g 0.00
|l 0
|o 621.382 GAR
|p 2430000006630
|r 2021-01-17 00:00:00
|t 1
|w 2021-01-17
|y BK15
|x 20090213 0 1
|x GrPaTEI - Antirrio
|
| 952 |
|
|
|0 0
|1 0
|2 ddc
|4 0
|6 621_382000000000000_GAR
|7 0
|9 261706
|a LISK-2
|b LISK-2
|c BSC
|d 2021-01-17
|e 24
|f 0
|g 0.00
|l 0
|o 621.382 GAR
|p 2430000006788
|r 2021-01-17 00:00:00
|t 1
|w 2021-01-17
|y BK15
|x 20090305 0 1
|x GrPaTEI - Antirrio
|
| 971 |
|
|
|a .b25703596
|b 01-10-20
|c 12-09-16
|
| 999 |
|
|
|c 151023
|d 151023
|